A handful of sand / (Record no. 92911)

MARC details
000 -LEADER
fixed length control field 00628nam a22002057a 4500
005 - DATE AND TIME OF LATEST TRANSACTION
control field 20150519130447.0
010 ## - LCCN (DPL NO)
LC control number ENG-112675
020 ## - INTERNATIONAL STANDARD BOOK NUMBER
Terms of availability 90.00
International Standard Book Number 8123764103
020 ## - INTERNATIONAL STANDARD BOOK NUMBER
International Standard Book Number 9788123764108
Terms of availability 90.00
035 ## - SYSTEM CONTROL NUMBER
System control number EN-96207
037 ## - SOURCE OF ACQUISITION
Source of stock number/acquisition DBAD/PUB
082 ## - DEWEY DECIMAL CLASSIFICATION NUMBER
Classification number N
100 ## - MAIN ENTRY--PERSONAL NAME
Personal name Gurdial Singh
245 00 - TITLE STATEMENT
Title A handful of sand /
Statement of responsibility, etc by Gurdial Singh ; translated from Hindi by Ravi Nandan Sinha
Remainder of title
260 ## - PUBLICATION, DISTRIBUTION, ETC. (IMPRINT)
Place of publication, distribution, etc New Delhi
Name of publisher, distributor, etc National Book Trust
Date of publication, distribution, etc 2012
270 ## - ADDRESS
Address Nehru Bhawan, 5 Institutional Area, Phase-ll Vasant Kunj
City New Delhi
Postal code 110070
300 ## - PHYSICAL DESCRIPTION
Extent ix,169p.
Dimensions 21cm(pbk)
490 ## - SERIES STATEMENT
Series statement Aadan Pradan
942 ## - ADDED ENTRY ELEMENTS (KOHA)
Source of classification or shelving scheme Dewey Decimal Classification
Item type English Books
Call number suffix GUR
Classification part N
Holdings
Withdrawn status Lost status Not for loan Collection code Home library Current library Date acquired Source of acquisition Cost, normal purchase price Full call number Barcode Copy number Cost, replacement price Koha item type
    Not For Loan Fiction D.B.Act.Division D.B.Act.Division 13/04/2015 DBAD/PUB 90.00 N GUR EN-96207 1 90.00 English Books

© Delhi Public Library
Hit Counter
free hit counter